ARRUPE JESUIT UNIVERSITY

CORONAVIRUS -STOP THE SPREAD - CLEAN,DISINFECT,COVER

The rise and fall of the well-made play. (Record no. 122448)

MARC details
000 -LEADER
fixed length control field 00920cam a2200313 4500
001 - CONTROL NUMBER
control field 256468
003 - CONTROL NUMBER IDENTIFIER
control field ARRUPE
005 - DATE AND TIME OF LATEST TRANSACTION
control field 20150313150919.0
008 - FIXED-LENGTH DATA ELEMENTS--GENERAL INFORMATION
fixed length control field 840921r1967 nyu b 000 0 eng
010 ## - LIBRARY OF CONGRESS CONTROL NUMBER
LC control number 67025684
035 ## - SYSTEM CONTROL NUMBER
System control number (OCoLC)350271
035 ## - SYSTEM CONTROL NUMBER
System control number (OCoLC)ocm00350271
035 ## - SYSTEM CONTROL NUMBER
System control number (CStRLIN)NYCG84-B61939
035 ## - SYSTEM CONTROL NUMBER
System control number (NNC)256468
040 ## - CATALOGING SOURCE
Modifying agency NNC
Transcribing agency Arrupe
050 0# - LIBRARY OF CONGRESS CALL NUMBER
Classification number PR731
Item number .T3 1967b
082 ## - DEWEY DECIMAL CLASSIFICATION NUMBER
Classification number 822/.8/09
090 ## - LOCALLY ASSIGNED LC-TYPE CALL NUMBER (OCLC); LOCAL CALL NUMBER (OCLC)
Classification number (OCLC) (R) ; Classification number, CALL (RLIN) (NR) PR731
Local cutter number (OCLC) ; Book number/undivided call number, CALL (RLIN) .T3 1967b
300 ## - PHYSICAL DESCRIPTION
Dimensions 23 cm.
100 1# - MAIN ENTRY--PERSONAL NAME
Personal name Taylor, John Russell.
9 (RLIN) 16357
245 14 - TITLE STATEMENT
Title The rise and fall of the well-made play.
250 ## - EDITION STATEMENT
Edition statement [1st American ed.]
260 ## - PUBLICATION, DISTRIBUTION, ETC. (IMPRINT)
Place of publication, distribution, etc New York,
Name of publisher, distributor, etc Hill and Wang
Date of publication, distribution, etc [1967]
300 ## - PHYSICAL DESCRIPTION
Extent 175 p.
504 ## - BIBLIOGRAPHY, ETC. NOTE
Bibliography, etc Bibliography: p. 168-[170]
650 #0 - SUBJECT ADDED ENTRY--TOPICAL TERM
Topical term or geographic name as entry element English drama
Chronological subdivision 19th century
General subdivision History and criticism.
9 (RLIN) 16358
650 #0 - SUBJECT ADDED ENTRY--TOPICAL TERM
Topical term or geographic name as entry element English drama
Chronological subdivision 20th century
General subdivision History and criticism.
9 (RLIN) 16359
942 ## - ADDED ENTRY ELEMENTS (KOHA)
Source of classification or shelving scheme Library of Congress Classification
Koha item type Monograph ( Printed materials)
Holdings
Withdrawn status Lost status Source of classification or shelving scheme Damaged status Not for loan Collection code Home library Current library Shelving location Date acquired Total Checkouts Full call number Barcode Date last seen Price effective from Koha item type
    Library of Congress Classification     Main Collection ARRUPE LIBRARY ARRUPE LIBRARY Main Collection 13/03/2015   PR731 .T3 1967b 46500002732 13/03/2015 13/03/2015 Monograph ( Printed materials)

 

Arrupe Library. PO Box MP320 Mt Pleasant, Harare, Zimbabwe
263 242 745411|librarian@aju.ac.zw